| 000 | 00834nam a22002057a 4500 | ||
|---|---|---|---|
| 999 |
_c14226 _d14226 |
||
| 003 | AR-CdUCM | ||
| 008 | 190422b ||||| |||| 00| 0 spa d | ||
| 040 |
_aMUNICIPALIDAD PROVINCIAL DEL CUSCO _cBIBLIOTECA MUNICIPAL DEL CUSCO |
||
| 082 |
_aC / 985.61 / _bS38 |
||
| 245 |
_aRevista de la semana del Cuzco : _bInti Raymi de 1955 / |
||
| 260 |
_aCuzco : _bCarrillo, _c1955. |
||
| 300 |
_a107 páginas ; _bfotografías. _c21 cm. |
||
| 440 |
_aRevista de la semana del Cuzco _n4 _932912 |
||
| 505 | _aLa geometría en la geografía humana del continente Sud Americano -- Idea base del monumento a Manco Capac -- En solemne ceremonia fué entregada al culto la Basílica catedral del Cusco... | ||
| 650 |
_aCusco. _9772 |
||
| 650 |
_aInti Raymi. _99522 |
||
| 650 |
_aReconstrucción. _95638 |
||
| 942 |
_2ddc _cPP |
||
| 945 |
_awfj _d2019-04-22 |
||